Elemente nach Symbol Quiz - Statistiken

Allgemein
  • Dieses Quiz wurde 3.752 mal gespielt
  • Das Durchschnittsergebnis liegt bei 18 aus 24
Antwortstatistiken
Symbol Element % Korrekt
H Wasserstoff
96%
Fe Eisen
95%
Au Gold
94%
Na Natrium
94%
O Sauerstoff
93%
He Helium
92%
Cu Kupfer
91%
U Uran
88%
Li Lithium
87%
S Schwefel
87%
K Kalium
86%
N Stickstoff
85%
Ag Silber
81%
Ca Calcium
77%
C Kohlenstoff
77%
Pb Blei
74%
Ne Neon
72%
I Iod
66%
As Arsen
58%
Si Silicium
57%
Hg Quecksilber
54%
Sn Zinn
48%
V Vanadium
43%
Sb Antimon
22%
Keine übereinstimmenden Quizze gefunden
Verteilung der Resultate
Anzahl Personen mit jedem Resultat
Perzentil nach korrekt beantworteten Fragen
Ihre Resultats-Entwicklung
Sie haben dieses Quiz noch nicht gespielt